Bảo vệ thực vật

Guardat en:
Dades bibliogràfiques
Autor principal: Hà, Huy Niên
Altres autors: Lê, Tương Tề
Format: Llibre
Idioma:Undetermined
Publicat: H. ĐHSP 2005
Matèries:
Accés en línia:http://lrc.tdmu.edu.vn/opac/search/detail.asp?aID=2&ID=5571
Etiquetes: Afegir etiqueta
Sense etiquetes, Sigues el primer a etiquetar aquest registre!
Thư viện lưu trữ: Trung tâm Học liệu Trường Đại học Thủ Dầu Một
LEADER 00647nam a2200205Ia 4500
001 TDMU_5571
008 210410s9999 xx 000 0 und d
082 |a 580 
090 |b H100 
100 |a Hà, Huy Niên 
245 0 |a Bảo vệ thực vật 
245 0 |c Hà Huy Niên 
260 |a H. 
260 |b ĐHSP 
260 |c 2005 
300 |a 356tr. 
650 |a Thực vật  |x Trồng và bảo vệ; Tài nguyên sinh học  |x Bảo vệ 
700 |a Lê, Tương Tề 
856 |u http://lrc.tdmu.edu.vn/opac/search/detail.asp?aID=2&ID=5571 
980 |a Trung tâm Học liệu Trường Đại học Thủ Dầu Một